Statistics for All Turkic States In History

Click here to take the quiz!

General Stats

  • This quiz has been taken 77 times
    (43 since last reset)
  • The average score is 24 of 246

Answer Stats

HintAnswer% Correct
After Mongol InvansionOttoman Empire
80%
After Mongol InvansionKazakh Khanate
63%
Independent Turkic RepublicsRepublic of Turkey
63%
Former Provisional Governments and RepublicsAzerbaijan National Government
60%
Independent Turkic RepublicsRepublic of Azerbaijan
60%
Independent Turkic RepublicsRepublic of Turkmenistan
60%
Pre-IslamicFirst Gokturk Khaganate
57%
Pre-IslamicSecond Gokturk Khaganate
57%
Autonomous Turkic RepublicsEast Turkestan
53%
Independent Turkic RepublicsRepublic of Uzbekistan
53%
Post-IslamicGreat Seljuk Empire
50%
Independent Turkic RepublicsRepublic of Kazakhstan
50%
Independent Turkic RepublicsRepublic of Kyrgyzstan
47%
Pre-IslamicUyghur Khaganate
43%
Pre-IslamicFirst Bulgarian Empire
40%
After Mongol InvansionGolden Horde State
40%
Pre-IslamicGreat Bulgarian Khanate
40%
After Mongol InvansionTimurid Empire
40%
After Mongol InvansionCrimean Khanate
33%
Pre-IslamicKhazar Empire
30%
Pre-IslamicKingdom of Hungary
30%
Pre-IslamicPrincipality of Hungary
30%
Autonomous Turkic RepublicsSakha-Yakutia
30%
Autonomous Turkic RepublicsTatarstan
30%
After Mongol InvansionBukhara Emirate
27%
Pre-IslamicDasht-i Kıpchak
27%
Pre-IslamicEuropean Hunnic Empire
27%
Post-IslamicMamluks
27%
After Mongol InvansionMughal Empire
27%
Autonomous Turkic RepublicsBashkortostan
23%
After Mongol InvansionChagatai Khanate
23%
After Mongol InvansionNogai Orda
23%
After Mongol InvansionSafavid Empire
23%
Autonomous Turkic RepublicsTuva
23%
Pre-IslamicYan (An–Shi)
23%
After Mongol InvansionAkkoyunlu
20%
Post-IslamicDelhi Sultanate
20%
Post-IslamicGhaznavid State
20%
Post-IslamicKarakhanid State
20%
Pre-IslamicKarluk Khaganate
20%
Post-IslamicKarluk Kingdom
20%
Post-IslamicPecheneg Khanate
20%
Azerbaijani KhanatesBaku Khanate
17%
Autonomous Turkic RepublicsDaghestan
17%
Autonomous Turkic RepublicsKarachay-Cherkassia
17%
After Mongol InvansionKarakoyunlu
17%
Post-Islamic | Pre-IslamicOghuz Yabgu State
17%
Azerbaijani KhanatesShirvan Khanate
17%
After Mongol InvansionSibir Khanate
17%
Former Provisional Governments and RepublicsTurkistan National State
17%
After Mongol InvansionAfsharid Dynasty
13%
Autonomous Turkic RepublicsAltai
13%
After Mongol InvansionAstrakhan Khanate
13%
II.Period Anatolian BeyliksAydınoğulları
13%
Soviet Union-era RepublicsAzerbaijani Soviet Socialist Republic
13%
Autonomous Turkic RepublicsChuvashia
13%
After Mongol InvansionGreat Horde
13%
Autonomous Turkic RepublicsKabardino-Balkaria
13%
Autonomous Turkic RepublicsKarakalpakistan
13%
II.Period Anatolian BeyliksKaramanoğulları
13%
Soviet Union-era RepublicsKazakh Soviet Socialist Republic
13%
After Mongol InvansionKazan Khanate
13%
After Mongol InvansionKhiva Khanate
13%
Soviet Union-era RepublicsKyrgyz Soviet Socialist Republic
13%
II.Period Anatolian BeyliksMenteşeoğulları Beylik
13%
After Mongol InvansionQajar Dynasty
13%
Former Provisional Governments and RepublicsTurkish Federated State of Cyprus
13%
Autonomous Turkic RepublicsTurkish Republic of Northern Cyprus
13%
Soviet Union-era RepublicsTurkmen Soviet Socialist Republic
13%
Soviet Union-era RepublicsUzbek Soviet Socialist Republic
13%
Pre-IslamicVolga Bulgaria
13%
Former Provisional Governments and RepublicsAnkara Government
10%
Former Provisional Governments and RepublicsAras Republic
10%
I. Period Anatolian BeyliksArtuklus
10%
Pre-IslamicAsian Hunnic Empire
10%
II.Period Anatolian BeyliksCandaroğulları Beylik
10%
II.Period Anatolian BeyliksGermiyanoğulları Beylik
10%
Autonomous Turkic RepublicsKhakassia
10%
Azerbaijani KhanatesNakhchivan Khanate
10%
II.Period Anatolian BeyliksOsmanoğulları Beylik
10%
Azerbaijani KhanatesRevan Khanate
10%
I. Period Anatolian BeyliksSaltuklu Beylik
10%
After Mongol InvansionYarkand Khanate
10%
Pre-IslamicAsian Avar Khaganate
7%
After Mongol InvansionBengal Sultanate
7%
Soviet Union-era Autonomous RepublicsCrimea Autonomous Soviet Socialist Republic
7%
II.Period Anatolian BeyliksDulkadiroğulları
7%
Pre-IslamicEast Gokturk Khaganate
7%
Former Provisional Governments and RepublicsEast Turkestan Republic
7%
II.Period Anatolian BeyliksEretna Beylik
7%
Pre-IslamicEuropean Avar Khaganate
7%
Azerbaijani KhanatesGanja Khanate
7%
Pre-IslamicHephthalites
7%
Former Provisional Governments and RepublicsIslamic Republic of East Turkestan
7%
Azerbaijani KhanatesKarabakh Khanate
7%
II.Period Anatolian BeyliksKaresioğulları
7%
Autonomous Turkic RepublicsNakhchivan
7%
II.Period Anatolian BeyliksRamazanoğulları
7%
Post-IslamicSyrian Seljuks
7%
Former Provisional Governments and RepublicsTannu Tuva Peoples Republic
7%
Pre-IslamicWest Gokturk Khaganate
7%
Pre-IslamicWest Hunnic Empire
7%
Post-IslamicWhite Horde
7%
Post-IslamicAnatolian Seljuks
3%
Azerbaijani KhanatesArdabil Khanate
3%
After Mongol InvansionBahri Dynasty
3%
Soviet Union-era Autonomous RepublicsBashkortostan Autonomous Soviet Socialist Republic
3%
I. Period Anatolian BeyliksÇaka Beylik
3%
Soviet Union-era Autonomous RepublicsChuvashia Autonomous Soviet Socialist Republic
3%
Soviet Union-era Autonomous RepublicsDaghestan Autonomous Soviet Socialist Republic
3%
Pre-IslamicEast Hunnic Empire
3%
Post-IslamicEyyubids
3%
Former Provisional Governments and RepublicsGagauz Republic
3%
Autonomous Turkic RepublicsGagavuzia
3%
Soviet Union-era Autonomous RepublicsGorno-Altai Autonomous Soviet Socialist Republic
3%
II.Period Anatolian BeyliksHamitoğulları Beylik
3%
Former Provisional Governments and Republicsİdil-Ural State
3%
Post-IslamicIraqi Seljuks
3%
Soviet Union-era Autonomous RepublicsKabardino-Balkar Autonomous Soviet Socialist Republic
3%
Pre-IslamicKangar Union
3%
Soviet Union-era Autonomous RepublicsKarachay-Cherkassia Autonomous Soviet Socialist Republic
3%
Soviet Union-era Autonomous RepublicsKarakalpak Autonomous Soviet Socialist Republic
3%
Soviet Union-era Autonomous RepublicsKhakassia Autonomous Soviet Socialist Republic
3%
Pre-IslamicKutrigurs
3%
After Mongol InvansionLesser Nogai Orda
3%
Azerbaijani KhanatesMaku Khanate
3%
Soviet Union-era Autonomous RepublicsMountain Autonomous Soviet Socialist Republic
3%
Soviet Union-era Autonomous RepublicsNakhchivan Autonomous Soviet Socialist Republic
3%
Pre-IslamicNorth Hunnic Empire
3%
Azerbaijani KhanatesQuba Khanate
3%
II.Period Anatolian BeyliksSaruhanoğulları
3%
Pre-IslamicSeyanto Khanate
3%
Azerbaijani KhanatesSheki Khanate
3%
Pre-IslamicSouth Hunnic Empire
3%
Soviet Union-era Autonomous RepublicsTatarstan Autonomous Soviet Socialist Republic
3%
II.Period Anatolian BeyliksTekeoğulları
3%
After Mongol InvansionTerter Dynasty
3%
Pre-IslamicTuharistan Yabgu State
3%
Pre-IslamicTurgishs
3%
Soviet Union-era Autonomous RepublicsTuva Autonomous Soviet Socialist Republic
3%
Pre-IslamicUtrigurs
3%
Pre-IslamicXia State
3%
Soviet Union-era Autonomous RepublicsYakutia Autonomous Soviet Socialist Republic
3%
Pre-IslamicYenisei Kyrgyz Khaganate
3%
Azerbaijani KhanatesZanjan Khanate
3%
Post-IslamicZengis
3%
After Mongol InvansionAdilshah State
0%
I. Period Anatolian BeyliksAhlatşahlar Beylik
0%
II.Period Anatolian BeyliksAlâiye Beylik
0%
Former Provisional Governments and RepublicsAlash Orda
0%
Pre-IslamicAlxon Huns
0%
Post-IslamicArpad Dynasty
0%
Former Provisional Governments and RepublicsAutonomous Cyprus Turkish Government
0%
Former Provisional Governments and RepublicsAzadistan
0%
After Mongol InvansionBanu Assaf
0%
After Mongol InvansionBasarab Dynasty
0%
Former Provisional Governments and RepublicsBashkortostan Republic
0%
Post-IslamicBegteginlis
0%
Post-IslamicBengal-Khalaji Dynasty
0%
II.Period Anatolian BeyliksBeylik of Bafra
0%
II.Period Anatolian BeyliksBeylik of Erzincan
0%
After Mongol InvansionBökey Orda
0%
Post-IslamicBöris
0%
After Mongol InvansionBucak Orda
0%
Soviet Union-era RepublicsBukhara Soviet Peoples Republic
0%
II.Period Anatolian BeyliksCanik Beyliks
0%
Azerbaijani KhanatesCavad Khanate
0%
I. Period Anatolian BeyliksÇobanoğulları
0%
Former Provisional Governments and RepublicsComrat Republic
0%
Former Provisional Governments and RepublicsCrimean Peoples Republic
0%
I. Period Anatolian BeyliksÇubukoğulları Beylik
0%
Former Provisional Governments and RepublicsCyprus Interim Turkish Government
0%
Pre-IslamicDai Dynasty
0%
I. Period Anatolian BeyliksDanişmendli Beylik
0%
Former Provisional Governments and RepublicsDemocratic Republic of Azerbaijan
0%
Azerbaijani KhanatesDerbent Khanate
0%
I. Period Anatolian BeyliksDilmaçoğulları Beylik
0%
II.Period Anatolian BeyliksDobruca Beylik
0%
After Mongol InvansionEast Chagatai Khanate
0%
Post-IslamicEast Karakhanids
0%
II.Period Anatolian BeyliksEşrefoğulları
0%
Post-IslamicFargana Karakhanid State
0%
Pre-IslamicGansu Uyghur Kingdom
0%
II.Period Anatolian BeyliksHacıemiroğulları Beylik
0%
After Mongol InvansionHaleci Dynasty
0%
Azerbaijani KhanatesHalhal Khanate
0%
Pre-IslamicHan Zhao
0%
After Mongol InvansionHokand Khanate
0%
Pre-IslamicHou Han
0%
Pre-IslamicHou Jin
0%
Pre-IslamicHou Tang
0%
Pre-IslamicHou Zhao
0%
After Mongol InvansionHyderabad Ordinance
0%
Post-IslamicIhshidis
0%
Post-Islamicİldenizlis
0%
Azerbaijani Khanatesİlisu Sultanate
0%
I. Period Anatolian Beyliksİnaloğulları Beylik
0%
II.Period Anatolian Beyliksİnançoğulları Beylik
0%
II.Period Anatolian BeyliksKadı Burhaneddin Ahmed State
0%
Azerbaijani KhanatesKaradağ Khanate
0%
Pre-IslamicKarahoca Uyghur Kingdom
0%
Former Provisional Governments and RepublicsKarakurum-Altai Government
0%
After Mongol InvansionKaramanlı Dynasty
0%
After Mongol InvansionKasım Khanate
0%
Post-IslamicKhrosani Seljuks
0%
Post-IslamicKhwarazmshahs State
0%
Soviet Union-era RepublicsKhwarezm Soviet Peoples Republic
0%
Pre-IslamicKidarites
0%
Post-IslamicKimek-Kipchak Confederation
0%
Post-IslamicKirman Seljuks
0%
II.Period Anatolian BeyliksKubadoğulları
0%
After Mongol InvansionKutbshahs
0%
II.Period Anatolian BeyliksKutluşahlar Beylik
0%
Azerbaijani KhanatesMarağa Khanate
0%
I. Period Anatolian BeyliksMengüçlü Beylik
0%
Azerbaijani KhanatesMerend Khanate
0%
Pre-IslamicNezak Huns
0%
Pre-IslamicNorthern Liang
0%
Pre-IslamicNorthern Wei
0%
Pre-IslamicNorthern Zhou Dynasty
0%
Pre-IslamicNorth Han
0%
II.Period Anatolian BeyliksPervaneoğulları Beylik
0%
Former Provisional Governments and RepublicsRepublic of Hatay
0%
After Mongol InvansionResuli Kingdom
0%
II.Period Anatolian BeyliksSâhipataoğulları Beylik
0%
Post-IslamicSalgurlus
0%
After Mongol InvansionŞeybani Khanate
0%
Pre-IslamicSibir Khanate
0%
Former Provisional Governments and RepublicsSouthwest Caucasian Provisional National Government
0%
After Mongol InvansionSufi Khanate
0%
Azerbaijani KhanatesTabriz Khanate
0%
II.Period Anatolian BeyliksTacettinoğulları Beylik
0%
I. Period Anatolian BeyliksTanrıbermiş Beylik
0%
II.Period Anatolian BeyliksTaşanoğulları
0%
After Mongol InvansionTashkent Khanate
0%
Post-IslamicTolunoglus
0%
After Mongol InvansionTuğluk Dynasty
0%
After Mongol InvansionTunis Beylik (Hüseyni Dynasty)
0%
Soviet Union-era Autonomous RepublicsTurkestan Autonomous Soviet Socialist Republic
0%
Former Provisional Governments and RepublicsTurkish Cypriot General Committee
0%
Pre-IslamicTurkish Shahis
0%
Azerbaijani KhanatesUrmiye Khanate
0%
Former Provisional Governments and RepublicsWestern Thrace Independent Government
0%
Post-IslamicWest Karakhanids
0%
After Mongol InvansionYedişehir Uyghur State
0%

Score Distribution

Percentile by Number Answered

Percent of People with Each Score

Your Score History

You have not taken this quiz since the last reset